000 00320nam a22001337a 4500
008 170131b xxu||||| |||| 00| 0 eng d
020 _a9780397553716
041 _aeng
080 _23RD
_a61
100 _a3
101 _aSHMI
245 _aECG WORKOUT/ EXERCISES IN ARRHYTHMIA INTERPRETATION
_cHUFF, J
942 _2udc
_cBK
999 _c4043
_d4043